000 00724nam a2200289Ia 4500
005 20260324125906.0
008 008 260324s9999 xx 000 0 eng d
020 _a9780203889794
037 _aEBOOK
040 _aCRL
040 _beng
040 _cCRL
041 _2eng
041 _aeng
084 _qCRL
100 _aYiJun Tian; Jane Winn
_91179731
245 0 _aRe-thinking Intellectual Property
245 4 _bThe Political Economy of Copyright Protection in the Digital Era
260 _bTaylor and Francis
260 _c2008
365 _a
365 _b240
856 _uhttp://www.taylorfrancis.com/books/9780203889794
942 _cEBOOK
999 _c1775377
_d1775377